<?xml version="1.0" encoding="UTF-8"?>
<collection xmlns="http://www.loc.gov/MARC21/slim">
 <record>
  <leader>05756nam a2200373 a 4500</leader>
  <controlfield tag="001">kal946</controlfield>
  <controlfield tag="003">Gr-AtHEAL</controlfield>
  <controlfield tag="005">20160425102115.0</controlfield>
  <controlfield tag="006">m        d        </controlfield>
  <controlfield tag="008">160413s2015    gr      s           gre|c</controlfield>
  <datafield tag="040" ind1=" " ind2=" ">
   <subfield code="a">GR-AtHEAL</subfield>
   <subfield code="b">gre</subfield>
   <subfield code="c">GR-AtHEAL</subfield>
  </datafield>
  <datafield tag="082" ind1="0" ind2="4">
   <subfield code="a">657</subfield>
   <subfield code="2">23</subfield>
  </datafield>
  <datafield tag="100" ind1="1" ind2=" ">
   <subfield code="a">Τουρνά-Γερμανού, Ελένη.</subfield>
   <subfield code="8">1240</subfield>
  </datafield>
  <datafield tag="245" ind1="1" ind2="0">
   <subfield code="a">Χρηματοοικονομική λογιστική</subfield>
   <subfield code="h">[Ηλεκτρονικός πόρος] </subfield>
   <subfield code="c">Τουρνά-Γερμανού, Ελένη ; Κριτικός αναγνώστης,Ασωνίτου, Σοφία ; Τεχνική επεξεργασία, Κουκουλέτσος, Κωνσταντίνος ; Γλωσσική επιμέλεια,Σμπρίνη, Θεοφίλη.</subfield>
  </datafield>
  <datafield tag="260" ind1=" " ind2=" ">
   <subfield code="a">Αθήνα :</subfield>
   <subfield code="b">Σύνδεσμος Ελληνικών Ακαδημαϊκών Βιβλιοθηκών,</subfield>
   <subfield code="c">c2015.</subfield>
  </datafield>
  <datafield tag="490" ind1=" " ind2=" ">
   <subfield code="a">Ακαδημαϊκά Ηλεκτρονικά Συγγράμματα και Βοηθήματα Κάλλιπος</subfield>
   <subfield code="8">40</subfield>
  </datafield>
  <datafield tag="520" ind1=" " ind2=" ">
   <subfield code="a">Η τεχνολογία, η παγκοσμιοποίηση και η μεγάλη ανάπτυξη της οικονομικής δραστηριότητας κατά τα τελευταία χρόνια έχουν σημαντική επίδραση στην προσέγγιση των γνώσεων της Λογιστικής και στην άσκηση του Λογιστικού Επαγγέλματος. Το βιβλίο αυτό έχει σαν σκοπό να βοηθήσει φοιτητές οικονομικών σχολών αλλά και στελέχη επιχειρήσεων να κατανοήσουν τις θεωρητικές έννοιες της Λογιστικής καθώς και να τις εφαρμόσουν στις επιχειρήσεις αλλά κυρίως να είναι σε θέση να χρησιμοποιήσουν τις πληροφορίες της στην λήψη σημαντικών αποφάσεων. Το σύγγραμμα είναι οργανωμένο σε 3 κύρια μέρη και η ύλη του εξελίσσεται αρμονικά από τα απλά στα σύνθετα θέματα ώστε να καταστούν κατανοητά. Στο Μέρος Α (Το πλαίσιο της Χρηματοοικονομικής Λογιστικής) γίνεται μία εισαγωγή στις έννοιες του οικονομικού περιβάλλοντος και της χρηματοοικονομικής Λογιστικής καθώς και του ισχύοντος νομικού πλαισίου σύμφωνα με το οποίο η Λογιστική εφαρμόζεται στις επιχειρήσεις. Στο Μέρος Β (Η εφαρμογή της Λογιστικής) γίνεται εκτενής αναφορά στις διαδικασίες τήρησης λογιστικών βιβλίων με διπλογραφικό τρόπο. Στο μέρος αυτό παρουσιάζονται οι χρηματοοικονομικές καταστάσεις της επιχείρησης, τα Λογιστικά της βιβλία και η καταχώρηση των συναλλαγών σε αυτά χωρίς, αλλά και σύμφωνα με το Ε.Γ.Λ.Σ. Το Μέρος Β ολοκληρώνεται με μία πλήρη παρουσίαση του δωδεκάμηνου λογιστικού κύκλου. Στο Μέρος Γ (Ειδικά Θέματα Λογιστικής) παρουσιάζονται εξειδικευμένα θέματα της Λογιστικής και συνδέονται οι λογιστικές πληροφορίες με την λήψη αποφάσεων. Το βιβλίο αυτό εκτός της θεωρίας σε κάθε κεφάλαιο παρατίθενται πολυάριθμα αναλυτικά παραδείγματα και λυμένες ασκήσεις. Επίσης στο τέλος κάθε κεφαλαίου υπάρχουν ερωτήσεις στην ύλη του κεφαλαίου και ασκήσεις προς επίλυση. Ο αναγνώστης μετά την μελέτη του βιβλίου θα είναι ικανός να: τηρήσει Λογιστικά βιβλία με το διπλογραφικό σύστημα και να χρησιμοποιήσει τις λογιστικές πληροφορίες για να λάβει σημαντικές αποφάσεις για την πορεία της επιχείρησης.</subfield>
  </datafield>
  <datafield tag="650" ind1=" " ind2="0">
   <subfield code="a">Accounting</subfield>
   <subfield code="8">791</subfield>
  </datafield>
  <datafield tag="650" ind1=" " ind2="0">
   <subfield code="a">Finance</subfield>
   <subfield code="8">2391</subfield>
  </datafield>
  <datafield tag="653" ind1=" " ind2=" ">
   <subfield code="a">Χρέωση, πίστωση</subfield>
  </datafield>
  <datafield tag="653" ind1=" " ind2=" ">
   <subfield code="a">Λογιστικό σχέδιο</subfield>
  </datafield>
  <datafield tag="653" ind1=" " ind2=" ">
   <subfield code="a">Ισοζύγιο</subfield>
  </datafield>
  <datafield tag="653" ind1=" " ind2=" ">
   <subfield code="a">Γενικό καθολικό</subfield>
  </datafield>
  <datafield tag="653" ind1=" " ind2=" ">
   <subfield code="a">Αποτελέσματα χρήσης</subfield>
  </datafield>
  <datafield tag="653" ind1=" " ind2=" ">
   <subfield code="a">Ισολογισμός</subfield>
  </datafield>
  <datafield tag="653" ind1=" " ind2=" ">
   <subfield code="a">Ημερολόγιο</subfield>
  </datafield>
  <datafield tag="653" ind1=" " ind2=" ">
   <subfield code="a">Χρηματοοικονομικές καταστάσεις</subfield>
  </datafield>
  <datafield tag="653" ind1=" " ind2=" ">
   <subfield code="a">Οικονομικές επιστήμες</subfield>
   <subfield code="a">Διοίκηση επιχειρήσεων και οικονομικά των επιχειρήσεων, μάρκετινγκ, λογιστική</subfield>
   <subfield code="a">Λογιτική και ελεγκτική</subfield>
  </datafield>
  <datafield tag="700" ind1="1" ind2=" ">
   <subfield code="a">Ασωνίτου, Σοφία</subfield>
   <subfield code="e">Κριτικός αναγνώστης</subfield>
   <subfield code="8">1241</subfield>
  </datafield>
  <datafield tag="856" ind1="4" ind2="0">
   <subfield code="u">http://hdl.handle.net/11419/946</subfield>
   <subfield code="z">Πλήρες Κείμενο - Full text</subfield>
  </datafield>
  <datafield tag="907" ind1=" " ind2=" ">
   <subfield code="a">.b25680754</subfield>
   <subfield code="b">12-06-18</subfield>
   <subfield code="c">29-07-16</subfield>
  </datafield>
  <datafield tag="949" ind1=" " ind2=" ">
   <subfield code="0">0</subfield>
   <subfield code="1">0</subfield>
   <subfield code="2">ddc</subfield>
   <subfield code="4">0</subfield>
   <subfield code="6">657_000000000000000_ΤΟΥ</subfield>
   <subfield code="7">0</subfield>
   <subfield code="8">KALL</subfield>
   <subfield code="8">834</subfield>
   <subfield code="d">2016-04-13</subfield>
   <subfield code="r">2016-04-13</subfield>
   <subfield code="w">2016-04-13</subfield>
   <subfield code="z">657 ΤΟΥ</subfield>
   <subfield code="o">SEAB KALLIPOS</subfield>
  </datafield>
  <datafield tag="998" ind1=" " ind2=" ">
   <subfield code="a">80</subfield>
   <subfield code="a">01</subfield>
   <subfield code="a">02</subfield>
   <subfield code="a">03</subfield>
   <subfield code="a">04</subfield>
   <subfield code="a">05</subfield>
   <subfield code="a">06</subfield>
   <subfield code="a">07</subfield>
   <subfield code="a">08</subfield>
   <subfield code="a">10</subfield>
   <subfield code="a">09</subfield>
   <subfield code="a">11</subfield>
   <subfield code="a">12</subfield>
   <subfield code="a">13</subfield>
   <subfield code="a">14</subfield>
   <subfield code="a">15</subfield>
   <subfield code="a">16</subfield>
   <subfield code="a">17</subfield>
   <subfield code="a">18</subfield>
   <subfield code="a">19</subfield>
   <subfield code="a">20</subfield>
   <subfield code="a">21</subfield>
   <subfield code="a">22</subfield>
   <subfield code="a">23</subfield>
   <subfield code="a">24</subfield>
   <subfield code="a">25</subfield>
   <subfield code="a">26</subfield>
   <subfield code="b">22-05-17</subfield>
   <subfield code="c">m</subfield>
   <subfield code="d">z  </subfield>
   <subfield code="e">-</subfield>
   <subfield code="f">gre</subfield>
   <subfield code="g">gr </subfield>
   <subfield code="h">0</subfield>
  </datafield>
  <datafield tag="942" ind1=" " ind2=" ">
   <subfield code="2">ddc</subfield>
   <subfield code="c">KALLIPOS</subfield>
  </datafield>
 </record>
</collection>
